History Quiz

Random History Quiz

Do you know jack about Taft? Quiz Stats

 Plays Quiz not verified by Sporcle

Score 0/15 Timer 05:00
0 Plays Today
% Correct
???
100%
???
83.3%
???
64.8%
???
64.8%
???
64.8%
???
64.8%
???
46.3%
???
25.9%
% Correct
???
25.9%
???
25.9%
???
24.1%
???
16.7%
???
7.4%
???
7.4%
???
7.4%

You're not logged in!

Compare scores with friends on all Sporcle quizzes.
OR
Log In

Show Comments

Extras

Created Feb 20, 2012ReportNominate
Tags:jack, William H. Taft

Top Quizzes Today


Score Distribution

Your Account Isn't Verified!

In order to create a playlist on Sporcle, you need to verify the email address you used during registration. Go to your Sporcle Settings to finish the process.

Report this User

Report this user for behavior that violates our Community Guidelines.

Details: